[Event "Mittelrhein Regionalliga 18/19"]
[Site "Nordrheinwestfalen"]
[Date "2019.05.05"]
[Round "10.3"]
[White "Wahl, Felix"]
[Black "Stockert, Laurids"]
[Result "0-1"]
[WhiteElo "2063"]
[BlackElo "2076"]
[PlyCount "44"]
[EventDate "2018.10.28"]
[EventType "team-tourn"]
[EventRounds "11"]
[EventCountry "GER"]
[SourceTitle "EXT 2022"]
[Source "ChessBase"]
[SourceDate "2021.10.06"]
[SourceVersion "1"]
[SourceVersionDate "2021.10.06"]
[SourceQuality "1"]
[WhiteTeam "Bonn Stadtverwaltung"]
[BlackTeam "Aachen SV II"]
[WhiteTeamCountry "GER"]
[BlackTeamCountry "GER"]

1. e4 e5 2. Nf3 Nc6 3. Bb5 a6 4. Ba4 Nf6 5. 0-0 b5 6. Bb3 Bc5 7. c3 d6 8. d4 Bb6 9. h3 Bb7 10. Re1 0-0 11. a4 Re8 12. d5 Ne7 13. Qd3 c6 14. dxc6 Bxc6 15. axb5 axb5 16. Rxa8 Qxa8 17. Nbd2 Qa7 18. Re2 Ng6 19. g3 Qb7 20. c4 b4 21. Bc2 Ra8 22. Qxd6 Rd8 0-1

[Event "Mittelrhein Regionalliga 18/19"]
[Site "Nordrheinwestfalen"]
[Date "2019.04.07"]
[Round "9.3"]
[White "Draftian, Ashote"]
[Black "Wahl, Felix"]
[Result "0-1"]
[WhiteElo "2236"]
[BlackElo "2063"]
[PlyCount "82"]
[EventDate "2018.10.28"]
[EventType "team-tourn"]
[EventRounds "11"]
[EventCountry "GER"]
[SourceTitle "EXT 2022"]
[Source "ChessBase"]
[SourceDate "2021.10.06"]
[SourceVersion "1"]
[SourceVersionDate "2021.10.06"]
[SourceQuality "1"]
[WhiteTeam "Alsdorf SVG"]
[BlackTeam "Bonn Stadtverwaltung"]
[WhiteTeamCountry "GER"]
[BlackTeamCountry "GER"]

1. f4 d5 2. Nf3 Nf6 3. e3 e6 4. b3 Be7 5. Bb2 0-0 6. Be2 c5 7. 0-0 Nbd7 8. Qe1 a6 9. d3 b5 10. Nbd2 Bb7 11. Qg3 Qc7 12. c4 bxc4 13. dxc4 d4 14. Ne5 Nxe5 15. fxe5 Nd7 16. exd4 cxd4 17. Bf3 Bc5 18. Bxb7 Qxb7 19. Rae1 Rad8 20. Kh1 Bb4 21. Rd1 Nc5 22. Rf4 Bc3 23. Ba3 Bb4 24. Bxb4 Qxb4 25. Nf3 d3 26. Rg4 g6 27. Qh4 Qc3 28. Qh6 f6 29. exf6 Rxf6 30. h4 Rf5 31. Qe3 a5 32. Nd4 Rf6 33. Nb5 Qc2 34. Rd2 Qc1+ 35. Kh2 Rf1 36. Kg3 Rdf8 37. h5 R1f7 38. hxg6 Qxd2 39. gxh7+ Kh8 40. Rg8+ Kxh7 41. Qxd2 Ne4+ 0-1

[Event "Mittelrhein Regionalliga 1718"]
[Site "Nordrheinwestfalen"]
[Date "2018.05.06"]
[Round "9.3"]
[White "Walter, Kurt"]
[Black "Wahl, Felix"]
[Result "1/2-1/2"]
[WhiteElo "2023"]
[BlackElo "2093"]
[PlyCount "54"]
[EventDate "2017.09.10"]
[EventType "team-tourn"]
[EventRounds "9"]
[EventCountry "GER"]
[SourceTitle "EXT 2022"]
[Source "ChessBase"]
[SourceDate "2021.10.06"]
[SourceVersion "1"]
[SourceVersionDate "2021.10.06"]
[SourceQuality "1"]
[WhiteTeam "Klub Koelner SF II"]
[BlackTeam "Bonn Stadtverwaltung"]
[WhiteTeamCountry "GER"]
[BlackTeamCountry "GER"]

1. e4 e5 2. Nf3 Nc6 3. Bb5 f5 4. Nc3 fxe4 5. Nxe4 d5 6. Nxe5 dxe4 7. Nxc6 Qg5 8. Qe2 Nf6 9. 0-0 a6 10. Ba4 Bd7 11. d4 Qf5 12. Ne5 Bxa4 13. Qc4 Bb5 14. Qxc7 Bxf1 15. Qf7+ Kd8 16. Bd2 b6 17. Rxf1 Qc8 18. Bg5 Be7 19. d5 Rf8 20. Qxg7 Ke8 21. d6 Bxd6 22. Bxf6 Qe6 23. Qb7 Rc8 24. Bg7 Rg8 25. Bf6 Rf8 26. Bg7 Rg8 27. Bf6 Rf8 1/2-1/2

[Event "Mittelrhein Regionalliga 1718"]
[Site "Nordrheinwestfalen"]
[Date "2018.04.15"]
[Round "8.3"]
[White "Wahl, Felix"]
[Black "Schipp, Cyrill"]
[Result "0-1"]
[WhiteElo "2085"]
[BlackElo "2067"]
[PlyCount "66"]
[EventDate "2017.09.10"]
[EventType "team-tourn"]
[EventRounds "9"]
[EventCountry "GER"]
[SourceTitle "EXT 2022"]
[Source "ChessBase"]
[SourceDate "2021.10.06"]
[SourceVersion "1"]
[SourceVersionDate "2021.10.06"]
[SourceQuality "1"]
[WhiteTeam "Bonn Stadtverwaltung"]
[BlackTeam "Langenfeld"]
[WhiteTeamCountry "GER"]
[BlackTeamCountry "GER"]

1. e4 c5 2. Nf3 e6 3. d4 cxd4 4. Nxd4 a6 5. Nc3 Qc7 6. a3 Nf6 7. f4 d5 8. exd5 exd5 9. Qf3 Bc5 10. Be3 0-0 11. h3 Re8 12. Be2 Nc6 13. Nxd5 Nxd5 14. Qxd5 Bxd4 15. Bxd4 Be6 16. Qc5 Qxf4 17. Be3 Qh4+ 18. g3 Qe4 19. Kf2 Bd5 20. Rhg1 b6 21. Qxb6 Rab8 22. Qc5 Rb5 23. Qc3 Rxb2 24. Rac1 Rb7 25. Qd3 Qe6 26. Bg4 f5 27. Bh5 g6 28. Bd1 Ne5 29. Qd4 Nc4 30. Re1 Rd7 31. Bd2 Be4 32. Qc3 Rxd2+ 33. Kf1 Bg2+ 0-1

[Event "Mittelrhein Regionalliga 1718"]
[Site "Nordrheinwestfalen"]
[Date "2018.02.04"]
[Round "6.3"]
[White "Wahl, Felix"]
[Black "Meyer, Mario"]
[Result "1-0"]
[WhiteElo "2085"]
[BlackElo "2036"]
[PlyCount "53"]
[EventDate "2017.09.10"]
[EventType "team-tourn"]
[EventRounds "9"]
[EventCountry "GER"]
[SourceTitle "EXT 2022"]
[Source "ChessBase"]
[SourceDate "2021.10.06"]
[SourceVersion "1"]
[SourceVersionDate "2021.10.06"]
[SourceQuality "1"]
[WhiteTeam "Bonn Stadtverwaltung"]
[BlackTeam "Aachen SV II"]
[WhiteTeamCountry "GER"]
[BlackTeamCountry "GER"]

1. e4 e5 2. Bc4 Nf6 3. d3 Be7 4. f4 d6 5. Nf3 Nc6 6. a3 exf4 7. Bxf4 Be6 8. Bxe6 fxe6 9. Nc3 Qd7 10. d4 d5 11. e5 Ne4 12. Qd3 Nxc3 13. Qxc3 0-0-0 14. 0-0 Rdf8 15. Be3 Rf5 16. b4 Rhf8 17. b5 Nd8 18. a4 Kb8 19. Rfb1 g5 20. a5 c6 21. Qd3 g4 22. Nd2 Bg5 23. Bxg5 Rxg5 24. Nb3 Qf7 25. bxc6 Nxc6 26. Nc5 Nxe5 27. Qa6 1-0

[Event "Mittelrhein Verbandsliga-O 16/17"]
[Site "Nordrheinwestfalen"]
[Date "2017.02.19"]
[Round "8.3"]
[White "Ostenda, Eric"]
[Black "Wahl, Felix"]
[Result "0-1"]
[WhiteElo "1993"]
[BlackElo "2017"]
[PlyCount "82"]
[EventDate "2016.09.11"]
[EventType "team-tourn"]
[EventRounds "11"]
[EventCountry "GER"]
[SourceTitle "EXT 2022"]
[Source "ChessBase"]
[SourceDate "2021.10.06"]
[SourceVersion "1"]
[SourceVersionDate "2021.10.06"]
[SourceQuality "1"]
[WhiteTeam "Kalker/Deutzer SG"]
[BlackTeam "Bonn Stadtverwaltung"]
[WhiteTeamCountry "GER"]
[BlackTeamCountry "GER"]

1. e4 e5 2. Nf3 Nc6 3. Bb5 f5 4. 0-0 fxe4 5. Bxc6 dxc6 6. Nxe5 Nf6 7. d4 exd3 8. Qxd3 Qxd3 9. Nxd3 Bd6 10. Re1+ Kf7 11. Ne5+ Bxe5 12. Rxe5 Bd7 13. Nc3 Rhe8 14. Bf4 Rxe5 15. Bxe5 Bf5 16. Bxf6 Kxf6 17. Rc1 Rd8 18. f3 Rd2 19. Ne4+ Bxe4 20. fxe4 Ke5 21. Kf1 h5 22. h3 g5 23. a3 c5 24. b3 g4 25. hxg4 hxg4 26. c4 Rb2 27. Rc3 Kxe4 28. Rg3 Kf4 29. Rd3 Rb1+ 30. Ke2 Rb2+ 31. Kf1 g3 32. Rf3+ Kg4 33. a4 Rb1+ 34. Ke2 Rg1 35. Rf7 Rxg2+ 36. Kd3 Rb2 37. Kc3 Rf2 38. Rxc7 Rf3+ 39. Kd2 g2 40. Ke2 Rg3 41. Rg7+ Kf4 0-1

[Event "Mittelrhein Verbandsliga-O 16/17"]
[Site "Nordrheinwestfalen"]
[Date "2016.09.11"]
[Round "1"]
[White "Borriss, Claudia"]
[Black "Wahl, Felix"]
[Result "1/2-1/2"]
[WhiteElo "2003"]
[BlackElo "2017"]
[PlyCount "127"]
[EventDate "2016.09.11"]
[EventType "team-tourn"]
[EventRounds "11"]
[EventCountry "GER"]
[SourceTitle "EXT 2022"]
[Source "ChessBase"]
[SourceDate "2021.10.06"]
[SourceVersion "1"]
[SourceVersionDate "2021.10.06"]
[SourceQuality "1"]
[WhiteTeam "Siebengebirge"]
[BlackTeam "Bonn Stadtverwaltung"]
[WhiteTeamCountry "GER"]
[BlackTeamCountry "GER"]

1. d4 d5 2. Nf3 Nf6 3. g3 c6 4. Bg2 Bg4 5. Ne5 Bh5 6. c4 e6 7. Nc3 Nbd7 8. cxd5 exd5 9. Nd3 Bd6 10. Bf4 Bxf4 11. Nxf4 Bg6 12. Nxg6 hxg6 13. 0-0 0-0 14. b4 a6 15. Qd3 Qe7 16. Rab1 Rfe8 17. a4 Ne4 18. Nxe4 dxe4 19. Qb3 Nf6 20. b5 axb5 21. axb5 Ra3 22. Qc4 Qd7 23. bxc6 bxc6 24. Rb6 Nd5 25. Rxc6 Rc3 26. Qxd5 Qxd5 27. Rxc3 Qxd4 28. Rfc1 f5 29. e3 Qe5 30. Bf1 Rd8 31. Rc5 Qb2 32. R5c2 Qb8 33. h4 Kh7 34. Bh3 Rd5 35. Bf1 g5 36. Rc8 Qe5 37. h5 f4 38. Bc4 fxg3 39. Bxd5 gxf2+ 40. Kf1 Qxd5 41. R8c2 g4 42. Rxf2 Qxh5 43. Kg1 g3 44. Rfc2 Qf3 45. Re1 Kh6 46. Ra2 Kg5 47. Rc2 Kg4 48. Ra2 Kh3 49. Ree2 g5 50. Rab2 g2 51. Rxg2 Qxe3+ 52. Rbf2 g4 53. Rh2+ Kg3 54. Rhg2+ Kh4 55. Kf1 g3 56. Rc2 Qf3+ 57. Ke1 Kh3 58. Rge2 e3 59. Rh2+ Kg4 60. Rhg2 Qa8 61. Ra2 Qe4 62. Rab2 Kh3 63. Rg1 e2 64. Rb3 1/2-1/2

[Event "Mittelrhein Verbandsliga-O 15/16"]
[Site "Nordrheinwestfalen"]
[Date "2015.12.13"]
[Round "5"]
[White "Neese, Hans Joachim"]
[Black "Wahl, Felix"]
[Result "1-0"]
[WhiteElo "2037"]
[BlackElo "2050"]
[PlyCount "155"]
[EventDate "2015.09.06"]
[EventType "team-tourn"]
[EventRounds "11"]
[EventCountry "GER"]
[SourceTitle "EXT 2022"]
[Source "ChessBase"]
[SourceDate "2021.10.06"]
[SourceVersion "1"]
[SourceVersionDate "2021.10.06"]
[SourceQuality "1"]
[WhiteTeam "Hennef"]
[BlackTeam "Bonn Stadtverwaltung"]
[WhiteTeamCountry "GER"]
[BlackTeamCountry "GER"]

1. d4 d5 2. Nf3 Nf6 3. c4 c6 4. Qc2 g6 5. Bf4 Bf5 6. Qb3 Qb6 7. Nbd2 Bg7 8. e3 Nbd7 9. h3 h6 10. c5 Qxb3 11. Nxb3 a5 12. a4 Bc2 13. Ra3 Ne4 14. Be2 e5 15. Bh2 Bxb3 16. Rxb3 0-0-0 17. 0-0 Rde8 18. Re1 f5 19. Bf1 g5 20. Rd1 h5 21. Ne1 exd4 22. exd4 f4 23. h4 Bh6 24. hxg5 Bxg5 25. Nf3 Bh6 26. Nh4 Rhf8 27. Rf3 Ng5 28. Rfd3 Rf6 29. Nf3 Ne4 30. b4 axb4 31. Rb1 Ndxc5 32. dxc5 Nxc5 33. Rdd1 Nxa4 34. Rxb4 Nc5 35. Ra1 Kc7 36. Nd4 Kd6 37. f3 Re3 38. Kh1 Rc3 39. Bg1 Bg7 40. Rd1 b5 41. Ne2 Rc4 42. Rxc4 bxc4 43. Bd4 Rf7 44. Bxg7 Rxg7 45. Nxf4 Ne6 46. Nxh5 Rh7 47. g4 Nf4 48. Bxc4 Nxh5 49. gxh5 Rxh5+ 50. Kg2 Ke5 51. Be2 Kf4 52. Ba6 c5 53. Bb7 d4 54. Re1 Rh8 55. Ba6 Rb8 56. Re4+ Kf5 57. Bd3 Kf6 58. Kf2 Rb3 59. Ke2 Rc3 60. Kd2 Ra3 61. f4 Ra2+ 62. Bc2 Ra3 63. Bd3 Ra2+ 64. Ke1 Ra3 65. Ke2 Ra2+ 66. Ke1 Ra3 67. Ke2 Ra2+ 68. Kd1 Ra3 69. Bb1 Rf3 70. Ke2 Rb3 71. Bc2 Rc3 72. Kd2 Ra3 73. f5 Ra6 74. Rg4 Ra3 75. Rg6+ Kf7 76. Rc6 Rc3 77. Be4 Ke7 78. f6+ 1-0

[Event "Mittelrhein Verbandsliga Ost 1415"]
[Site "Mittelrhein"]
[Date "2015.03.15"]
[Round "9.2"]
[White "Lommen, Frank"]
[Black "Wahl, Felix"]
[Result "1/2-1/2"]
[WhiteElo "2011"]
[BlackElo "2064"]
[PlyCount "51"]
[EventDate "2014.09.07"]
[EventType "team-tourn"]
[EventRounds "11"]
[EventCountry "GER"]
[SourceTitle "EXT 2023"]
[Source "ChessBase"]
[SourceDate "2022.10.05"]
[SourceVersion "1"]
[SourceVersionDate "2022.10.05"]
[SourceQuality "1"]
[WhiteTeam "Koeln Lasker II"]
[BlackTeam "Bonn Stadtverwaltung"]
[WhiteTeamCountry "GER"]
[BlackTeamCountry "GER"]

1. Nf3 d5 2. g3 Nf6 3. Bg2 c6 4. c4 dxc4 5. 0-0 b5 6. a4 Bb7 7. b3 cxb3 8. Qxb3 a6 9. Ba3 e6 10. Bxf8 Kxf8 11. Nc3 Nbd7 12. Nd4 Qb6 13. axb5 cxb5 14. Qb4+ Kg8 15. Bxb7 Qxb7 16. Qd6 g6 17. Ra5 Kg7 18. Rfa1 Nb6 19. Qc6 Qxc6 20. Nxc6 Rhc8 21. Nb4 Nc4 22. Rxa6 Rxa6 23. Nxa6 Nxd2 24. Nxb5 Rc2 25. Nd4 Rb2 26. Nc5 1/2-1/2

[Event "Mittelrhein Verbandsliga Ost 1415"]
[Site "Mittelrhein"]
[Date "2015.02.22"]
[Round "8.2"]
[White "Wahl, Felix"]
[Black "Pejkovic, Patrick Slavko"]
[Result "1-0"]
[WhiteElo "2064"]
[BlackElo "2030"]
[PlyCount "111"]
[EventDate "2014.09.07"]
[EventType "team-tourn"]
[EventRounds "11"]
[EventCountry "GER"]
[SourceTitle "EXT 2023"]
[Source "ChessBase"]
[SourceDate "2022.10.05"]
[SourceVersion "1"]
[SourceVersionDate "2022.10.05"]
[SourceQuality "1"]
[WhiteTeam "Bonn Stadtverwaltung"]
[BlackTeam "Langenfeld II"]
[WhiteTeamCountry "GER"]
[BlackTeamCountry "GER"]

1. e4 e6 2. d4 d5 3. Nc3 h6 4. Nf3 Nf6 5. Bd3 Bb4 6. exd5 Nxd5 7. Bd2 0-0 8. Nxd5 Bxd2+ 9. Qxd2 exd5 10. 0-0-0 Be6 11. Ne5 Nd7 12. Rde1 c5 13. Nxd7 Qxd7 14. dxc5 Rfc8 15. f4 Rxc5 16. Rhf1 Bf5 17. Bxf5 Qxf5 18. Re5 Qd7 19. Rd1 Rac8 20. c3 Qa4 21. Kb1 Rd8 22. f5 f6 23. Re7 d4 24. Rxb7 Ra5 25. a3 d3 26. Re1 Re5 27. Rxe5 fxe5 28. f6 Rd7 29. Rb8+ Kf7 30. fxg7 Kxg7 31. Re8 Qe4 32. Re6 Kf7 33. Rxh6 Qf5 34. g4 Qxg4 35. Rh7+ Ke8 36. Rh8+ Ke7 37. Rh7+ Kd8 38. Rxd7+ Qxd7 39. Qg5+ Kc8 40. Kc1 e4 41. Qc5+ Kb7 42. Qb4+ Kc8 43. Qxe4 Kb8 44. h4 Qh3 45. Kd2 a6 46. Qxd3 Qh2+ 47. Qe2 Qf4+ 48. Kc2 Qa4+ 49. Kb1 Qxh4 50. Qxa6 Qh1+ 51. Ka2 Qd5+ 52. c4 Qd1 53. a4 Qd3 54. Qb5+ Ka7 55. a5 Qd1 56. a6 1-0

[Event "Mittelrhein Verbandsliga Ost 1415"]
[Site "Mittelrhein"]
[Date "2014.11.09"]
[Round "4.2"]
[White "Wahl, Felix"]
[Black "Kuehlwetter, Gerd"]
[Result "1-0"]
[WhiteElo "2064"]
[BlackElo "1943"]
[PlyCount "67"]
[EventDate "2014.09.07"]
[EventType "team-tourn"]
[EventRounds "11"]
[EventCountry "GER"]
[SourceTitle "EXT 2023"]
[Source "ChessBase"]
[SourceDate "2022.10.05"]
[SourceVersion "1"]
[SourceVersionDate "2022.10.05"]
[SourceQuality "1"]
[WhiteTeam "Bonn Stadtverwaltung"]
[BlackTeam "Fritzdorf"]
[WhiteTeamCountry "GER"]
[BlackTeamCountry "GER"]

1. e4 d6 2. d4 Nf6 3. Nc3 g6 4. f3 Nbd7 5. Be3 e5 6. d5 Bg7 7. Qd2 0-0 8. 0-0-0 a6 9. g4 h5 10. gxh5 Nxh5 11. Nge2 Qh4 12. Bg2 Nhf6 13. Bg5 Qh7 14. Ng3 Nh5 15. Nce2 f6 16. Be3 Rf7 17. h4 f5 18. Nxh5 Qxh5 19. Ng3 Qh7 20. f4 exf4 21. Bxf4 Ne5 22. b3 Bd7 23. h5 Raf8 24. hxg6 Qxg6 25. Rdg1 Ng4 26. exf5 Qf6 27. c3 Qxc3+ 28. Qxc3 Bxc3 29. Bf3 Be5 30. Nh5 Bxf4+ 31. Nxf4 Rg7 32. Bxg4 Bxf5 33. Bxf5 Rxf5 34. Ne6 1-0

[Event "Mittelrhein Verbandsliga Ost 1415"]
[Site "Mittelrhein"]
[Date "2014.09.07"]
[Round "1.2"]
[White "Schracke, Guido"]
[Black "Wahl, Felix"]
[Result "1-0"]
[WhiteElo "2073"]
[BlackElo "2064"]
[PlyCount "67"]
[EventDate "2014.09.07"]
[EventType "team-tourn"]
[EventRounds "11"]
[EventCountry "GER"]
[SourceTitle "EXT 2023"]
[Source "ChessBase"]
[SourceDate "2022.10.05"]
[SourceVersion "1"]
[SourceVersionDate "2022.10.05"]
[SourceQuality "1"]
[WhiteTeam "Niederkassel II"]
[BlackTeam "Bonn Stadtverwaltung"]
[WhiteTeamCountry "GER"]
[BlackTeamCountry "GER"]

1. e4 e5 2. f4 exf4 3. Nf3 h6 4. Nc3 g5 5. Bc4 Bg7 6. d4 d6 7. h3 Nc6 8. 0-0 Nge7 9. Ne2 Ng6 10. c3 Qe7 11. Re1 h5 12. e5 dxe5 13. Nxe5 Ngxe5 14. Nxf4 gxf4 15. Bxf4 Bd7 16. b4 Qh4 17. g3 Qxh3 18. dxe5 0-0-0 19. Bf1 Qg4 20. Be2 Qg6 21. Bd3 Bf5 22. Bxf5+ Qxf5 23. Qe2 Rhe8 24. Qf2 Kb8 25. e6 fxe6 26. b5 Qxb5 27. Rab1 Qc4 28. Qf3 Qd5 29. Qe3 Nd4 30. Red1 Qxa2 31. Kf1 Qc4+ 32. Kf2 Nf5 33. Qf3 Bxc3 34. Qxb7# 1-0

[Event "Mittelrhein Verbandsliga Ost 1314"]
[Site "Mittelrhein"]
[Date "2013.12.15"]
[Round "5.2"]
[White "Schwarz, Andreas1111"]
[Black "Wahl, Felix"]
[Result "1/2-1/2"]
[WhiteElo "1973"]
[BlackElo "2107"]
[PlyCount "106"]
[EventDate "2013.09.15"]
[EventType "team-tourn"]
[EventRounds "11"]
[EventCountry "GER"]
[SourceTitle "EXT 2023"]
[Source "ChessBase"]
[SourceDate "2022.10.05"]
[SourceVersion "1"]
[SourceVersionDate "2022.10.05"]
[SourceQuality "1"]
[WhiteTeam "Troisdorf"]
[BlackTeam "Bonn Stadtverwaltung"]
[WhiteTeamCountry "GER"]
[BlackTeamCountry "GER"]

1. e4 e5 2. Nf3 Nc6 3. Bb5 a6 4. Ba4 Nf6 5. 0-0 Be7 6. Re1 b5 7. Bb3 d6 8. c3 0-0 9. d4 exd4 10. cxd4 Bg4 11. Nc3 Bxf3 12. gxf3 Na5 13. Bc2 c5 14. dxc5 dxc5 15. e5 Nd7 16. Nd5 Nb6 17. Nxe7+ Qxe7 18. Be4 Rac8 19. Qc2 g6 20. Bh6 Rfe8 21. f4 f5 22. exf6 Qxf6 23. Bg5 Qg7 24. b3 c4 25. b4 Nb7 26. Rad1 Nd8 27. Rd6 Qc7 28. Bd5+ Nf7 29. Rxe8+ Rxe8 30. Rxg6+ hxg6 31. Qxg6+ Kf8 32. Bxf7 Re1+ 33. Kg2 Qxf7 34. Bh6+ Ke8 35. Qxb6 Qd5+ 36. f3 Qd2+ 37. Kh3 Qd7+ 38. Kg3 Qe6 39. Qb8+ Kd7 40. Qa7+ Kd8 41. Qb8+ Qc8 42. Qd6+ Ke8 43. Qg6+ Kd7 44. Qf7+ Kc6 45. f5 Qd7 46. Qg6+ Kb7 47. Kf2 Qd1 48. Qf7+ Kc6 49. Kg3 Rg1+ 50. Kh4 Qe1+ 51. Kh5 Qe2 52. Qf6+ Kb7 53. Qf7+ Kc8 1/2-1/2

[Event "Mittelrhein Verbandsliga Ost 1314"]
[Site "Mittelrhein"]
[Date "2013.09.15"]
[Round "1.2"]
[White "Kolkin, Michail"]
[Black "Wahl, Felix"]
[Result "1-0"]
[WhiteElo "2302"]
[BlackElo "2107"]
[PlyCount "125"]
[EventDate "2013.09.15"]
[EventType "team-tourn"]
[EventRounds "11"]
[EventCountry "GER"]
[SourceTitle "EXT 2023"]
[Source "ChessBase"]
[SourceDate "2022.10.05"]
[SourceVersion "1"]
[SourceVersionDate "2022.10.05"]
[SourceQuality "1"]
[WhiteTeam "Siegburg"]
[BlackTeam "Bonn Stadtverwaltung"]
[WhiteTeamCountry "GER"]
[BlackTeamCountry "GER"]

1. Nf3 d5 2. g3 Nf6 3. Bg2 Bf5 4. c4 c6 5. 0-0 e6 6. d3 h6 7. cxd5 exd5 8. Nc3 d4 9. Ne4 Nxe4 10. dxe4 Bxe4 11. Nxd4 Bxg2 12. Kxg2 g6 13. Be3 Qd5+ 14. Nf3 Qxd1 15. Rfxd1 Bg7 16. Rd2 Nd7 17. a4 Nf6 18. Rad1 0-0 19. Bd4 Rfe8 20. b4 Nd5 21. Bxg7 Kxg7 22. b5 Nc3 23. Rc1 Nxa4 24. bxc6 bxc6 25. Rxc6 Nb6 26. Ra2 Nd5 27. Ra5 Nb6 28. Nd4 Rec8 29. Ra6 Kf8 30. Rxc8+ Nxc8 31. Kf3 Rb8 32. Ke4 Ke8 33. Ra2 Kd7 34. Ke5 Rb6 35. h4 a6 36. e4 Rd6 37. Nb3 f6+ 38. Kf4 Rc6 39. Nd4 Rb6 40. g4 Nd6 41. f3 g5+ 42. Kg3 Rb4 43. Nf5 Nxf5+ 44. gxf5 Rb6 45. Kg4 Ke7 46. Kh5 Kf7 47. Rc2 Rb7 48. Kxh6 gxh4 49. Kh5 a5 50. Kxh4 a4 51. Ra2 Ra7 52. Ra3 Ke7 53. Kh5 Kd6 54. f4 Ra5 55. Kg6 Ke7 56. Kg7 Ra7 57. e5 fxe5 58. fxe5 Ra5 59. f6+ Ke6 60. f7 Ra7 61. Rf3 a3 62. Kg8 a2 63. f8Q 1-0

[Event "Mittelrhein Verbandsliga-O 1112"]
[Site "Germany"]
[Date "2012.02.26"]
[Round "7"]
[White "Wahl, Felix"]
[Black "Loetzerich, Rolf"]
[Result "1/2-1/2"]
[WhiteElo "2075"]
[BlackElo "1993"]
[PlyCount "73"]
[EventDate "2011.09.18"]
[EventType "team-tourn"]
[EventRounds "11"]
[EventCountry "GER"]
[SourceTitle "EXT 2013"]
[Source "ChessBase"]
[SourceDate "2012.11.22"]
[SourceVersion "1"]
[SourceVersionDate "2012.11.22"]
[SourceQuality "1"]
[WhiteTeam "Bonn Stadtverwaltung"]
[BlackTeam "Freibauer Eikamp"]
[WhiteTeamCountry "GER"]
[BlackTeamCountry "GER"]

1. e4 c6 2. d4 d5 3. Nc3 dxe4 4. Nxe4 Nf6 5. Nxf6+ gxf6 6. Nf3 Bg4 7. Be2 e6 8. Bf4 Bd6 9. Qd2 Qc7 10. Bxd6 Qxd6 11. 0-0-0 Nd7 12. h3 Bxf3 13. Bxf3 0-0-0 14. c4 Qc7 15. Kb1 Ne5 16. Qe2 Nxf3 17. Qxf3 f5 18. d5 Rd6 19. g4 fxg4 20. hxg4 exd5 21. cxd5 cxd5 22. Rxd5 Rxd5 23. Qxd5 Qf4 24. Rc1+ Kb8 25. Rc4 Qf6 26. Qd7 Qe6 27. Qc7+ Ka8 28. a3 a6 29. Rf4 Rf8 30. f3 Rc8 31. Qxf7 Qe1+ 32. Ka2 Rc1 33. Rc4 Ra1+ 34. Kb3 Qd1+ 35. Rc2 Qd3+ 36. Rc3 Qb5+ 37. Kc2 1/2-1/2

[Event "Mittelrhein Verbandsliga-O 1112"]
[Site "Germany"]
[Date "2011.10.09"]
[Round "2"]
[White "Wahl, Felix"]
[Black "Koehler, Christian Friedrich"]
[Result "0-1"]
[WhiteElo "2075"]
[BlackElo "1929"]
[PlyCount "96"]
[EventDate "2011.09.18"]
[EventType "team-tourn"]
[EventRounds "11"]
[EventCountry "GER"]
[SourceTitle "EXT 2013"]
[Source "ChessBase"]
[SourceDate "2012.11.22"]
[SourceVersion "1"]
[SourceVersionDate "2012.11.22"]
[SourceQuality "1"]
[WhiteTeam "Bonn Stadtverwaltung"]
[BlackTeam "Godesberg IV"]
[WhiteTeamCountry "GER"]
[BlackTeamCountry "GER"]

1. e4 c6 2. d4 d5 3. Nc3 dxe4 4. Nxe4 Bf5 5. Ng3 Bg6 6. h4 h6 7. Nf3 Nd7 8. h5 Bh7 9. Bd3 Bxd3 10. Qxd3 e6 11. Bd2 Ngf6 12. 0-0-0 Be7 13. c4 0-0 14. Kb1 a5 15. Ne4 Ng4 16. Qe2 b5 17. c5 Ndf6 18. Nxf6+ Nxf6 19. Ne5 Qxd4 20. Nxc6 Qxc5 21. Nxe7+ Qxe7 22. g4 Qb7 23. f3 Nh7 24. f4 b4 25. g5 Qd5 26. gxh6 Qf5+ 27. Ka1 gxh6 28. Be3 Nf6 29. Bd4 Kh7 30. Rhg1 Rg8 31. Bxf6 Qxf6 32. Qe4+ Kh8 33. Kb1 Rad8 34. Rxg8+ Rxg8 35. Qd4 Qxd4 36. Rxd4 Rg1+ 37. Kc2 Rh1 38. f5 Rxh5 39. fxe6 fxe6 40. Rd6 Re5 41. Ra6 Kg7 42. Kd3 Kf6 43. Kd4 h5 44. Ra8 Rd5+ 45. Ke4 h4 46. Rh8 Rd2 47. Rh5 Rxb2 48. Rxa5 h3 0-1